000 00584nam a22002057a 4500
100 _aArti, D.K.
245 _aDynamic mechanical analysis of standard Indonesian rubber/chloroprene rubber for seismic
260 _bKautschuk Gummi Kunststoffe, 76(4): 2023. 53-57.
300 _bAugust
650 _aSeismic base isolator
650 _aDynamic mechanical analysis
650 _aChloroprene rubber
700 _aHidayat, A.S.
700 _aSaputra, D.A.
700 _aGumelar, M.D.
700 _aAmry, A.
700 _aAnggaravidya, M
700 _aHusin, S.
942 _cJS
999 _c75285
_d75285